| 000 | 00619cam a2200157 a 4500 | ||
|---|---|---|---|
| 020 | _a8175361646 | ||
| 082 |
_a954.167 _bWHI |
||
| 100 | 1 |
_aWhite, J. Claude _950472 |
|
| 245 | 1 | 0 |
_aSikhim and Bhutan : _btwenty-one years on the north-east frontier, 1887-1908 / _cJ. Claude White. |
| 260 |
_aLONDON _bEDWARD ARNOLD _bDistributed by D K Publishers Distributors, _c1909 |
||
| 300 |
_axix, 331 p., [41] leaves of plates : _bill., folded map ; _c23 cm. |
||
| 500 | _aOriginally published: Sikhim & Bhutan . London : Edward Arnold, 1909. | ||
| 526 |
_a0 _b0 _c0 _d954_167000000000000_WHI |
||
| 650 |
_aMCE _9379 |
||
| 942 |
_2ddc _cBK |
||
| 999 |
_c553209 _d553209 |
||